[Event "Tournoi francophone 016 Groupe C"]
[Site "Skype"]
[Date "????.??.??"]
[Round "8.1"]
[White "Pouteau, Pascal"]
[Black "Le Brun, Yves"]
[Result "1-0"]
[WhiteElo "1345"]
[BlackElo "1335"]
[PlyCount "89"]

1. d4 d5 2. c4 c6 3. Nc3 Nf6 4. Nf3 Bf5 5. Bg5 h6 6. Bh4 e6 7. Qb3 Qb6 8. Qxb6
axb6 9. e3 Nbd7 10. a3 Bd6 11. Be2 Nh7 12. Nd2 g5 13. Bg3 Be7 14. e4 dxe4 15.
Ndxe4 Nhf6 16. Nd6+ Bxd6 17. Bxd6 Nf8 18. Bc7 N8d7 19. Bd6 O-O-O 20. a4 Nb8 21.
Be5 Nbd7 22. Bd6 Rhg8 23. a5 Nb8 24. Be7 Ne4 25. Nxe4 Bxe4 26. f3 Bg6 27. Bxd8
Rxd8 28. O-O Rxd4 29. axb6 Rd2 30. Kf2 Bd3 31. Rfe1 Rxb2 32. c5 Bf5 33. Ke3
Rb3+ 34. Kd4 f6 35. Bc4 e5+ 36. Rxe5 fxe5+ 37. Kxe5 Rc3 38. Kd4 Rc2 39. g4 Bg6
40. Ra8 Rxh2 41. Be6+ Kd8 42. Rxb8+ Ke7 43. Bc4 Rd2+ 44. Ke5 Rd7 45. Be6 1-0

[Event "Tournoi francophone 016 Groupe C"]
[Site "Skype"]
[Date "????.??.??"]
[Round "8.2"]
[White "Fernandez Arrizabala, Raul"]
[Black "Amato, Ludovica"]
[Result "1-0"]
[WhiteElo "1426"]
[BlackElo "1346"]
[PlyCount "47"]

1. e4 e5 2. Nf3 Nf6 3. Bc4 Nc6 4. d3 Bc5 5. c3 O-O 6. O-O d5 7. exd5 Nxd5 8.
Re1 Re8 9. d4 Nb6 10. Ng5 Nxc4 11. Qd3 Nxb2 12. Qxh7+ Kf8 13. Qh8+ Ke7 14. Qxg7
Be6 15. dxc5 Na4 16. Nxf7 Rg8 17. Bg5+ Kd7 18. Rd1+ Nd4 19. Qxe5 Qe8 20. Rxd4+
Kc8 21. Rd8+ Qxd8 22. Bxd8 Rxd8 23. Qxe6+ Rd7 24. Qe8+ 1-0

[Event "Tournoi francophone 016 Groupe C"]
[Site "Skype"]
[Date "????.??.??"]
[Round "8.3"]
[White "Gharbi, Said"]
[Black "Sauvaget, Joel"]
[Result "1-0"]
[WhiteElo "1318"]
[BlackElo "1290"]
[PlyCount "107"]

1. e4 c5 2. c3 d6 3. d4 cxd4 4. cxd4 Nf6 5. Bd3 g6 6. Nf3 Bg4 7. h3 Bxf3 8.
Qxf3 Bg7 9. e5 dxe5 10. Qxb7 Nbd7 11. Bb5 O-O 12. dxe5 Nxe5 13. O-O Qc8 14.
Qxe7 Ned7 15. Nd2 Nb6 16. Nf3 Nbd5 17. Qe5 Qc7 18. Bf4 Qxe5 19. Bxe5 Nb6 20.
Rac1 Nfd7 21. Bd6 Rfc8 22. Bc6 Bxb2 23. Rc2 Bg7 24. Rfc1 Bh6 25. Bxa8 Bxc1 26.
Rxc8+ Nxc8 27. Bc7 Ncb6 28. Bc6 Bb2 29. a4 a5 30. Bxd7 Nxd7 31. Bxa5 Bf6 32.
Bc7 Nc5 33. a5 Kf8 34. Bd6+ Be7 35. Bxc5 Bxc5 36. Kf1 Ke7 37. Ke2 Kd7 38. Nd2
Kc6 39. f3 Kb7 40. Nb3 Bb4 41. Ke3 Ka6 42. Kf4 Be7 43. Ke5 Bd8 44. Kd5 f6 45.
Ke6 f5 46. Kf7 g5 47. Kg7 h5 48. Kg6 f4 49. Kxh5 Kb5 50. Nd4+ Kxa5 51. Kg4 Kb6
52. h4 gxh4 53. Kxf4 Kc5 54. Ne6+ 1-0

[Event "Tournoi francophone 016 Groupe C"]
[Site "Skype"]
[Date "????.??.??"]
[Round "8.5"]
[White "Couto, Januario"]
[Black "Gadow, Martin"]
[Result "0-1"]
[WhiteElo "1387"]
[BlackElo "1409"]
[PlyCount "102"]

1. e4 c5 2. c3 d6 3. Nf3 Nf6 4. h3 e6 5. Be2 Be7 6. O-O O-O 7. d3 Nc6 8. Bg5
Qb6 9. Qb3 Qc7 10. Nbd2 Na5 11. Qc2 b6 12. Nb3 Nxb3 13. Qxb3 Bb7 14. Rfe1 Ne8
15. Bf4 Qd8 16. d4 Bxe4 17. dxc5 bxc5 18. Rad1 Qb6 19. Qxb6 axb6 20. a3 Bf6 21.
Ng5 Ra4 22. Bb5 Ra5 23. Bxe8 Bxg5 24. Bxg5 Bd5 25. Bd7 Rb8 26. Be7 Rb7 27. c4
Rxd7 28. cxd5 Rxe7 29. dxe6 Rxe6 30. Rxe6 fxe6 31. Rxd6 Rb5 32. b4 cxb4 33.
axb4 Rxb4 34. Rxe6 Rb1+ 35. Kh2 b5 36. Rb6 Kf7 37. g4 b4 38. Kg3 b3 39. f4 b2
40. Kh4 h6 41. f5 Ke7 42. Kh5 Rh1 43. Rxb2 Rxh3+ 44. Kg6 Rg3 45. Kh5 Rh3+ 46.
Kg6 Rg3 47. Rb4 Kf8 48. Rf4 Kg8 49. f6 gxf6 50. Kxh6 Kf7 51. Kh5 Rh3# 0-1

[Event "Tournoi francophone 016 Groupe C"]
[Site "Skype"]
[Date "????.??.??"]
[Round "9.1"]
[White "Gadow, Martin"]
[Black "Pouteau, Pascal"]
[Result "1-0"]
[WhiteElo "1409"]
[BlackElo "1345"]
[PlyCount "81"]

1. d4 d5 2. c4 Nf6 3. Nc3 e6 4. Nf3 Be7 5. e3 O-O 6. Be2 Nbd7 7. O-O c5 8. cxd5
exd5 9. dxc5 Nxc5 10. Nd4 b6 11. a3 Bb7 12. Nf5 Re8 13. Bb5 Ba6 14. Bxe8 Bxf1
15. Bxf7+ Kxf7 16. Qxf1 Nb3 17. Rb1 Bc5 18. Qd1 Qd7 19. Ng3 Nxc1 20. Rxc1 Rd8
21. b4 Bd6 22. Nce2 Ne4 23. Nxe4 dxe4 24. Qd5+ Qe6 25. Qxe6+ Kxe6 26. Nd4+ Kf7
27. g3 Be5 28. Nc6 Re8 29. Nxe5+ Rxe5 30. Rc7+ Re7 31. Rxe7+ Kxe7 32. Kg2 Kf6
33. f3 exf3+ 34. Kxf3 Ke5 35. b5 g6 36. h3 h6 37. h4 g5 38. hxg5 hxg5 39. Kg4
Ke4 40. Kxg5 Kxe3 41. Kf5 1-0

[Event "Tournoi francophone 016 Groupe C"]
[Site "Skype"]
[Date "????.??.??"]
[Round "9.3"]
[White "Sauvaget, Joel"]
[Black "Castellanos Gonzalez, Mariano"]
[Result "1-0"]
[WhiteElo "1290"]
[BlackElo "1438"]
[PlyCount "57"]

1. d4 Nf6 2. c4 g6 3. Bf4 Bg7 4. e3 O-O 5. Nd2 d5 6. Ngf3 Bf5 7. a3 Nc6 8. h3
Na5 9. cxd5 Nxd5 10. Bg3 Nf6 11. Be2 Ne4 12. O-O Nxg3 13. fxg3 Bxh3 14. gxh3
Qd6 15. Qe1 e5 16. Nxe5 Bxe5 17. dxe5 Qxe5 18. Nf3 Qxe3+ 19. Kh2 Nb3 20. Rd1
Rfe8 21. Bc4 Nc5 22. Qxe3 Rxe3 23. Rde1 Rxe1 24. Rxe1 Kf8 25. b4 Na4 26. Ng5
Rd8 27. Nxh7+ Kg7 28. Ng5 f6 29. Ne6+ 1-0

[Event "Tournoi francophone 016 Groupe C"]
[Site "Skype"]
[Date "????.??.??"]
[Round "9.4"]
[White "Amato, Ludovica"]
[Black "Gharbi, Said"]
[Result "1-0"]
[WhiteElo "1346"]
[BlackElo "1318"]
[PlyCount "51"]

1. e4 e5 2. Nf3 Nc6 3. Bc4 h6 4. d3 Bc5 5. c3 Nf6 6. h3 O-O 7. O-O d5 8. exd5
Nxd5 9. Re1 Re8 10. Nbd2 Nf4 11. Ne4 Bb6 12. Bxf4 exf4 13. Qd2 Ne5 14. Nxe5
Rxe5 15. Qxf4 Rf5 16. Qd2 Rh5 17. Ng3 Rg5 18. d4 c5 19. Ne4 Rg6 20. dxc5 Qxd2
21. Nxd2 Bxh3 22. g3 Bxc5 23. Ne4 Bb6 24. Rad1 Kh8 25. Bxf7 Rg4 26. Be6 1-0

[Event "Tournoi francophone 016 Groupe C"]
[Site "Skype"]
[Date "????.??.??"]
[Round "9.5"]
[White "Le Brun, Yves"]
[Black "Fernandez Arrizabala, Raul"]
[Result "0-1"]
[WhiteElo "1335"]
[BlackElo "1426"]
[PlyCount "112"]

1. d4 d5 2. Bf4 e6 3. e3 Nf6 4. Bd3 c5 5. c3 Qb6 6. Qc2 c4 7. Be2 Bd7 8. Bxb8
Rxb8 9. Nd2 Qa5 10. Ngf3 Bd6 11. Ne5 Ba4 12. Qc1 Qc7 13. f4 g5 14. O-O gxf4 15.
exf4 Nd7 16. Bh5 O-O 17. Qe1 Nxe5 18. fxe5 Be7 19. Qg3+ Kh8 20. Bxf7 Be8 21.
Bxe6 Bg6 22. Bxd5 b5 23. Nf3 Qd8 24. h4 Qxd5 25. Ng5 Rxf1+ 26. Rxf1 Rg8 27. Qf2
Rf8 28. Qg3 Rxf1+ 29. Kxf1 h6 30. Nh3 Qg8 31. Nf4 Bd3+ 32. Kf2 Qf7 33. Ke3 Qf5
34. Kd2 Be4 35. h5 Bg5 36. Ke3 Bb1 37. Qf3 Be4 38. Qg3 Bb1 39. Qf3 Bxa2 40. g3
Qd3+ 41. Kf2 Qd2+ 42. Kg1 Bxf4 43. Qa8+ Kg7 44. Qb7+ Kf8 45. Qc8+ Kf7 46. Qd7+
Kf8 47. Qf5+ Ke8 48. gxf4 Qc1+ 49. Kg2 Qxb2+ 50. Kg3 Qxc3+ 51. Kg4 Qxd4 52. Qf6
Qg1+ 53. Kf5 Bb1+ 54. Ke6 Qb6+ 55. Kd5 Qxf6 56. exf6 c3 0-1